[Event "LTU-ch sf"]
[Site "Vilnius"]
[Date "2015.02.23"]
[Round "7"]
[White "Barsciauskas, Gintautas"]
[Black "Gulbinas, Taurius"]
[Result "1/2-1/2"]
[WhiteElo "1725"]
[BlackElo "1938"]
[PlyCount "124"]
[EventDate "2015.02.18"]
[EventType "swiss"]
[EventRounds "8"]
[EventCountry "LTU"]
[SourceTitle "CBM 165 Extra"]
[Source "ChessBase"]
[SourceDate "2015.04.21"]
[SourceVersion "1"]
[SourceVersionDate "2015.04.21"]
[SourceQuality "1"]

1. e4 c5 2. Nc3 Nc6 3. g3 Nf6 4. Bg2 d6 5. Nge2 e5 6. 0-0 Be7 7. d3 h6 8. f4 Bg4 9. h3 Bxe2 10. Nxe2 Qb6 11. Kh2 0-0-0 12. c3 g5 13. f5 Rdg8 14. Qb3 Rh7 15. Qxb6 axb6 16. Be3 Kc7 17. a3 Ra8 18. d4 Rhh8 19. Rad1 Ra4 20. Bc1 Nd7 21. b4 Bf6 22. d5 Ne7 23. Bb2 b5 24. Rf2 h5 25. Nc1 g4 26. h4 c4 27. Ne2 Raa8 28. Rff1 Bg7 29. Kg1 f6 30. Kf2 Bh6 31. Rh1 Ra6 32. Rb1 Rha8 33. Rhd1 Nb6 34. Bh1 Na4 35. Ba1 Nc8 36. Bg2 Nab6 37. Bb2 Rxa3 38. Bxa3 Rxa3 39. Ra1 Rxa1 40. Rxa1 Na4 41. Ra2 Kd7 42. Rc2 Bf8 43. Nc1 Be7 44. Na2 Bd8 45. Ke2 Bb6 46. Rc1 Nb2 47. Rb1 Nd3 48. Rf1 Ba7 49. Nc1 Nb2 50. Kd2 Nb6 51. Kc2 N6a4 52. Ne2 Be3 53. Rb1 Nd3 54. Bh1 Kc7 55. Bg2 Bf2 56. Bh1 Kb8 57. Kd2 Nab2 58. Kc2 Be3 59. Rxb2 Nxb2 60. Kxb2 Bf2 61. Kc2 Kc7 62. Kd2 Kd7 1/2-1/2